000 00970cam a2200229 4500
001 ##L135063
008 060921n2006 000 0 eng u
035 _a(Sirsi) u135063
041 0 _aeng
050 0 4 _a333.33016 $2 18
110 2 _aInvestment Property Databank
_92288
245 0 0 _aProperty Council/IPD Australian property index
260 _aLondon
_bIPD
_c2006
520 _aThe first consultative release of this new index. Total returns stood at 15.3% for the 12 months to June 2006, up from 14% in the year to June 2005. Figures are given for income return and capital growth, and are broken down by State.
590 _aIKA031006
650 2 4 _aPROPERTY COUNCIL/IPD AUSTRALIAN PROPERTY INDEX
651 4 _aAUSTRALIA
690 _aPROPERTY-COMMERCIAL PROPERTY-COMMERCIAL PROPERTY MARKET
710 2 _aProperty Council of Australia
_93603
856 4 0 _uhttps://www.ipdglobal.com
_zView the report free of charge at www.ipdglobal.com...
942 _n0
999 _c105899
_d105899